[Event "51st World Juniors"]
[Site "Athens GRE"]
[Date "2012.08.07"]
[Round "6.14"]
[White "Baron, Tal"]
[Black "Nishant, Malhotra"]
[Result "1-0"]
[WhiteTitle "GM"]
[WhiteElo "2451"]
[BlackElo "2076"]
[WhiteFideId "2809958"]
[BlackFideId "5099129"]
[EventDate "2012.08.02"]

1. d4 d5 2. c4 c6 3. e3 Nf6 4. Bd3 g6 5. Nc3 Bg7 6. Nf3 O-O 7. h3 Nbd7 8. O-O
dxc4 9. Bxc4 c5 10. Bb3 e6 11. Re1 b6 12. e4 cxd4 13. Nxd4 Nc5 14. e5 Nxb3 15.
axb3 Nd5 16. Nc6 Qc7 17. Nxd5 exd5 18. Nd4 Bxe5 19. Nb5 Qb8 20. Qxd5 Bh2+ 21.
Kh1 Be6 22. Qd4 Rd8 23. Qc3 Bf4 24. Qf6 Bxc1 25. Raxc1 Rc8 26. Rcd1 Rc5 27. Nd6
Qc7 28. b4 Rd5 29. Rxd5 Bxd5 30. Ne8 1-0

[Event "51st World Juniors"]
[Site "Athens GRE"]
[Date "2012.08.07"]
[Round "6.15"]
[White "Schreiner, Peter"]
[Black "Kleinman, Michael"]
[Result "1-0"]
[WhiteTitle "FM"]
[BlackTitle "FM"]
[WhiteElo "2444"]
[BlackElo "2330"]
[WhiteFideId "1621645"]
[BlackFideId "2609479"]
[EventDate "2012.08.02"]

1. d4 Nf6 2. c4 g6 3. Nc3 d5 4. cxd5 Nxd5 5. e4 Nxc3 6. bxc3 Bg7 7. Be3 c5 8.
Nf3 Qa5 9. Qd2 O-O 10. Rc1 Rd8 11. d5 e6 12. Bg5 f6 13. Bf4 Qa4 14. Qc2 Qxc2 15.
Rxc2 f5 16. dxe6 Re8 17. Bb5 Nc6 18. exf5 gxf5 19. O-O Bxe6 20. Ng5 Bd5 21. Rd2
Rad8 22. c4 Bf7 23. Rxd8 Rxd8 24. Nxf7 Kxf7 25. Bxc6 bxc6 26. Rc1 Rd7 27. Kf1
Rb7 28. Rc2 Bd4 29. Ke2 Kf6 30. g3 Re7+ 31. Kf3 Re1 32. Re2 Rd1 33. Bd2 Rb1 34.
h4 Kg6 35. Bg5 Rb4 36. Re6+ Kf7 37. Rxc6 Ra4 38. Rc7+ Kg6 39. Kf4 Rxa2 40. h5+
Kxh5 41. Kxf5 Rxf2+ 42. Bf4 h6 43. Rh7 Rxf4+ 44. Kxf4 a5 45. Kf5 Be3 46. Ra7 Bf2
47. Rg7 Be1 48. Rg4 1-0

[Event "51st World Juniors"]
[Site "Athens GRE"]
[Date "2012.08.07"]
[Round "6.16"]
[White "Firat, Burak"]
[Black "Yilmaz, Mustafa"]
[Result "0-1"]
[WhiteTitle "IM"]
[BlackTitle "IM"]
[WhiteElo "2423"]
[BlackElo "2543"]
[WhiteFideId "6305881"]
[BlackFideId "6302718"]
[EventDate "2012.08.02"]

1. e4 c5 2. Nf3 d6 3. d4 cxd4 4. Nxd4 Nf6 5. Nc3 e6 6. f4 a6 7. Bd3 Nbd7 8. O-O
b5 9. Qe2 Bb7 10. Kh1 Nc5 11. b4 Nxd3 12. cxd3 Be7 13. Bd2 O-O 14. g4 Nd7 15. g5
g6 16. Nd1 e5 17. Nb3 Rc8 18. h4 f5 19. gxf6 Nxf6 20. fxe5 dxe5 21. Rg1 Qd7 22.
Kh2 Rcd8 23. Rg3 Bc8 24. Nf2 Kh8 25. Bc3 Bd6 26. Nc5 Qg7 27. Qe3 Nh5 28. Rg5 Rf4
29. Rxh5 Rdf8 30. Rg5 Rxf2+ 31. Rg2 R2f4 32. Rg3 Rxh4+ 33. Kg2 Kg8 34. a4 Rhf4
35. axb5 axb5 36. Ra2 Qf7 37. Rd2 Bg4 38. d4 Bf3+ 39. Kg1 Bxc5 40. dxc5 Bxe4 0-1

[Event "51st World Juniors"]
[Site "Athens GRE"]
[Date "2012.08.07"]
[Round "6.17"]
[White "Huschenbeth, Niclas"]
[Black "Valsecchi, Alessio"]
[Result "1/2-1/2"]
[WhiteTitle "GM"]
[BlackTitle "IM"]
[WhiteElo "2532"]
[BlackElo "2427"]
[WhiteFideId "24604747"]
[BlackFideId "818860"]
[EventDate "2012.08.02"]

1. e4 c6 2. d4 d5 3. Nc3 dxe4 4. Nxe4 Nd7 5. Ng5 Ngf6 6. Bd3 e6 7. N1f3 Bd6 8.
Qe2 h6 9. Ne4 Nxe4 10. Qxe4 Nf6 11. Qe2 Qc7 12. Bd2 b6 13. O-O-O Bb7 14. Rhe1
O-O-O 15. Kb1 Rhf8 16. c4 Kb8 17. Bc3 Nd7 18. Ne5 Nxe5 19. dxe5 Bc5 20. Be4 Qe7
21. f4 Bb4 22. Bxb4 Qxb4 23. a3 Qe7 24. Rxd8+ Rxd8 25. Rd1 c5 26. Bxb7 Kxb7 27.
Qe4+ Kc7 28. Rxd8 Qxd8 29. Ka2 a5 30. g3 Qd1 31. Qa8 a4 32. Qa7+ 1/2-1/2

[Event "51st World Juniors"]
[Site "Athens GRE"]
[Date "2012.08.07"]
[Round "6.18"]
[White "Kanarek, Marcel"]
[Black "Dimitrov, Radoslav"]
[Result "0-1"]
[WhiteTitle "IM"]
[BlackTitle "IM"]
[WhiteElo "2487"]
[BlackElo "2424"]
[WhiteFideId "1126822"]
[BlackFideId "2908549"]
[EventDate "2012.08.02"]

1. e4 Nf6 2. e5 Nd5 3. d4 d6 4. Nf3 Nc6 5. Bb5 a6 6. Ba4 Nb6 7. Bxc6+ bxc6 8.
O-O Bf5 9. b3 e6 10. Bg5 Be7 11. Bxe7 Qxe7 12. c4 O-O 13. Nc3 Bg4 14. Qd3 d5 15.
c5 Nd7 16. Nd2 Bf5 17. Qg3 f6 18. Nf3 Be4 19. exf6 Qxf6 20. Nxe4 dxe4 21. Ng5
Qf5 22. Rae1 e5 23. dxe5 Nxc5 24. f3 h6 25. Nxe4 Nd3 26. Re3 Nxe5 27. Nf2 Ng6
28. Qxc7 Nf4 29. Qxc6 Qg5 30. Ng4 Rac8 31. Qxa6 Rc2 32. Rf2 Rxf2 33. Kxf2 h5 34.
Re5 Qd8 35. Qc4+ Kh8 36. Re4 Qd2+ 37. Kg3 Qxg2+ 38. Kh4 Qxf3 39. Rxf4 Rxf4 40.
Qc8+ Rf8 0-1

[Event "51st World Juniors"]
[Site "Athens GRE"]
[Date "2012.08.07"]
[Round "6.19"]
[White "Galopoulos, Nikolaos"]
[Black "Kovalev, Vladislav"]
[Result "1/2-1/2"]
[BlackTitle "IM"]
[WhiteElo "2402"]
[BlackElo "2485"]
[WhiteFideId "4208951"]
[BlackFideId "13504398"]
[EventDate "2012.08.02"]

1. d4 Nf6 2. c4 g6 3. Nc3 Bg7 4. e4 d6 5. f3 O-O 6. Be3 c5 7. Nge2 Nc6 8. d5 Ne5
9. Ng3 e6 10. Be2 exd5 11. cxd5 a6 12. a4 h5 13. O-O Bd7 14. Qd2 h4 15. Nh1 h3
16. g3 b5 17. Nf2 Nh7 18. Ra2 f5 19. exf5 Bxf5 20. axb5 axb5 21. Rxa8 Qxa8 22.
Nxb5 Bd7 23. Nxd6 Nxf3+ 24. Bxf3 Rxf3 25. Nde4 Rxe3 26. Qxe3 Bd4 27. Qb3 Be6 28.
Rd1 Bxd5 29. Qb6 Bxe4 30. Rxd4 cxd4 31. Qe6+ Kg7 32. Qe7+ Kg8 33. Qe6+ Kg7 34.
Qe7+ Kg8 35. Qe6+ Kf8 36. Qd6+ Kf7 37. Qd7+ Kf8 38. Qd6+ Kg7 39. Qe7+ Kh8 40.
Qe5+ Kg8 1/2-1/2

[Event "51st World Juniors"]
[Site "Athens GRE"]
[Date "2012.08.07"]
[Round "6.20"]
[White "Indjic, Aleksandar"]
[Black "Baghdasaryan, Vahe"]
[Result "1-0"]
[WhiteTitle "IM"]
[BlackTitle "IM"]
[WhiteElo "2481"]
[BlackElo "2368"]
[WhiteFideId "911925"]
[BlackFideId "13303139"]
[EventDate "2012.08.02"]

1. d4 d5 2. c4 c6 3. Nf3 Nf6 4. Nc3 dxc4 5. a4 Bf5 6. e3 e6 7. Bxc4 Bb4 8. O-O
O-O 9. Qe2 Nbd7 10. Bd2 Bg6 11. Rfd1 Qe7 12. Be1 Bh5 13. Qf1 e5 14. Be2 e4 15.
Nd2 Bxe2 16. Qxe2 a5 17. Nc4 Nd5 18. Nxd5 cxd5 19. Na3 Bxe1 20. Qxe1 Nb6 21. b3
f5 22. Nb5 f4 23. Rac1 Qg5 24. Rc7 f3 25. g3 Rf6 26. Rdc1 Rh6 27. Qf1 Qh5 28. h3
Qf5 29. Kh2 Rc8 30. h4 Rc6 31. R1xc6 bxc6 32. Nd6 Qe6 33. Nxc8 Nxc8 34. Qh3 1-0

[Event "51st World Juniors"]
[Site "Athens GRE"]
[Date "2012.08.07"]
[Round "6.21"]
[White "Aggelis, Nikolaos"]
[Black "Urkedal, Frode"]
[Result "1/2-1/2"]
[WhiteTitle "FM"]
[BlackTitle "IM"]
[WhiteElo "2352"]
[BlackElo "2473"]
[WhiteFideId "4213220"]
[BlackFideId "1506102"]
[EventDate "2012.08.02"]

1. Nf3 Nf6 2. g3 g6 3. Bg2 Bg7 4. O-O O-O 5. d4 d5 6. Re1 c5 7. Nc3 cxd4 8. Nxd4
e5 9. Nb3 d4 10. Na4 Qc7 11. c3 dxc3 12. Nxc3 Rd8 13. Bd2 Nc6 14. Qc1 Qe7 15.
Bg5 Be6 16. Bxc6 bxc6 17. Ne4 Bd5 18. Nbc5 Rab8 19. Bxf6 Bxf6 20. Nxf6+ Qxf6 21.
e4 Be6 22. Nxe6 Qxe6 23. b3 Rd4 24. Qc3 Rbd8 25. Rac1 R8d6 26. Qc5 Qe7 27. Kg2
Rd2 28. Rc2 R2d3 29. Rc3 Rd2 30. Rc2 R2d3 31. Rc3 1/2-1/2

[Event "51st World Juniors"]
[Site "Athens GRE"]
[Date "2012.08.07"]
[Round "6.22"]
[White "Hansen, Eric"]
[Black "De Filomeno, Simone"]
[Result "1/2-1/2"]
[WhiteTitle "IM"]
[BlackTitle "FM"]
[WhiteElo "2472"]
[BlackElo "2358"]
[WhiteFideId "2606771"]
[BlackFideId "828688"]
[EventDate "2012.08.02"]

1. e4 c5 2. Nf3 Nc6 3. d4 cxd4 4. Nxd4 g6 5. c4 Bg7 6. Be3 Nf6 7. Nc3 Nxd4 8.
Bxd4 d6 9. Be2 O-O 10. Qd2 Bd7 11. O-O Bc6 12. f3 a5 13. b3 Nd7 14. Be3 Nc5 15.
Rab1 Qb6 16. Rfc1 Rfc8 17. Bf1 Qb4 18. Qb2 Qb6 19. a3 Bh6 20. Qf2 Bxe3 21. Qxe3
Nd7 22. Kf2 Kf8 23. Rd1 Qxe3+ 24. Kxe3 Nb6 25. Rbc1 Bd7 26. Nd5 Nxd5+ 27. exd5
h5 28. h4 b6 29. Bd3 Kg7 30. Kf4 Rh8 31. Re1 Kf6 32. Rc2 Rag8 33. Rce2 e5+ 34.
dxe6 Bxe6 35. Rd2 g5+ 36. Kg3 gxh4+ 37. Kxh4 Rg5 38. Bf1 d5 39. cxd5 Rxd5 40.
Rxd5 Bxd5 41. b4 Be6 42. Rd1 Rc8 43. bxa5 bxa5 44. a4 Rc2 45. Kg3 h4+ 46. Kxh4
Ra2 47. Rd4 Rf2 48. Rd1 Ra2 49. Rd4 Rf2 50. Rd1 1/2-1/2

[Event "51st World Juniors"]
[Site "Athens GRE"]
[Date "2012.08.07"]
[Round "6.23"]
[White "Andersen, Mads"]
[Black "Stathopoulos, Ioannis"]
[Result "1-0"]
[WhiteTitle "IM"]
[WhiteElo "2464"]
[BlackElo "2216"]
[WhiteFideId "1413864"]
[BlackFideId "4223098"]
[EventDate "2012.08.02"]

1. d4 Nf6 2. c4 e6 3. Nf3 b6 4. g3 Ba6 5. Nbd2 Bb4 6. Qa4 Bxd2+ 7. Bxd2 O-O 8.
Bg2 c6 9. Bf4 Qc8 10. Bd6 b5 11. Qc2 bxc4 12. Bxf8 Qxf8 13. O-O d5 14. b3 Nbd7
15. bxc4 Bxc4 16. Rfe1 Rc8 17. Nd2 c5 18. dxc5 Qxc5 19. Rac1 Ne5 20. h3 Nc6 21.
Qb2 Rb8 22. Qc3 Rb4 23. Qa3 Qb5 24. Nxc4 Rxc4 25. Rb1 Rb4 26. Rxb4 Nxb4 27. Qxa7
h6 28. Rb1 Kh7 29. a3 1-0

[Event "51st World Juniors"]
[Site "Athens GRE"]
[Date "2012.08.07"]
[Round "6.24"]
[White "Mihok, Oliver"]
[Black "Lapidus, Mark"]
[Result "0-1"]
[WhiteTitle "IM"]
[WhiteElo "2456"]
[BlackElo "2129"]
[WhiteFideId "728012"]
[BlackFideId "4502299"]
[EventDate "2012.08.02"]

1. e4 e6 2. d4 d5 3. e5 c5 4. c3 Nc6 5. g3 Qb6 6. Ne2 Bd7 7. Bh3 h5 8. O-O Be7
9. dxc5 Bxc5 10. b4 Be7 11. Be3 Qc7 12. f4 Nh6 13. Kh1 O-O-O 14. Na3 a6 15. Nc2
d4 16. Nexd4 Nxd4 17. Bxd4 Nf5 18. Bg2 Ba4 19. Rc1 Ne3 20. Nxe3 Bxd1 21. Rfxd1
h4 22. g4 Rd7 23. h3 Rhd8 24. g5 Kb8 25. a3 f6 26. gxf6 gxf6 27. Ng4 f5 28. Nf6
Bxf6 29. exf6 Qxf4 30. Re1 Ka8 31. Rc2 Re8 32. Rce2 Qg3 33. Re3 Qg8 34. b5 f4
35. R3e2 axb5 36. Re5 Qg3 37. Rf1 Rg8 38. Re2 e5 39. Bxe5 f3 40. Bxg3 fxe2 41.
Re1 hxg3 42. Bf3 Rd1 43. Rxd1 exd1=Q+ 44. Bxd1 Rf8 45. Be2 Rxf6 46. Bxb5 Rf2 47.
a4 Ka7 48. Kg1 Kb6 49. Be8 Rh2 50. Bd7 Kc7 51. Bb5 b6 52. c4 Kd6 53. Kf1 Ke5 54.
Kg1 Kf4 55. Bd7 Rc2 56. Be6 Kg5 57. Bd5 Kh4 58. Be6 Rb2 59. Bf5 Rb4 60. Be6 Rxa4
61. Kg2 Ra2+ 62. Kg1 Re2 0-1

[Event "51st World Juniors"]
[Site "Athens GRE"]
[Date "2012.08.07"]
[Round "6.25"]
[White "Bajarani, Ulvi"]
[Black "Aghayev, Miragha"]
[Result "1/2-1/2"]
[WhiteTitle "IM"]
[WhiteElo "2446"]
[BlackElo "2187"]
[WhiteFideId "13403028"]
[BlackFideId "818070"]
[EventDate "2012.08.02"]

1. d4 Nf6 2. Nf3 e6 3. g3 c5 4. Bg2 cxd4 5. Nxd4 d5 6. O-O Be7 7. c4 O-O 8. Nd2
Qb6 9. N4b3 Rd8 10. cxd5 Nxd5 11. e3 a5 12. Nd4 Bf6 13. Qe2 Bxd4 14. Nc4 Qa6 15.
exd4 Nc6 16. Be3 Nb6 17. Bxc6 Qxc4 18. Qxc4 Nxc4 19. Bf3 Nb6 20. Rac1 Nd5 21.
Rc2 Bd7 22. Bxd5 exd5 23. Rc7 Bc6 24. a4 Rac8 25. Bf4 Rxc7 26. Bxc7 Rc8 27. Bxa5
Bxa4 28. Bc3 f6 29. f3 Kf7 30. Kf2 Ra8 31. g4 g6 32. h4 Ra6 33. h5 Bd7 34. Rh1
Kg7 35. Bb4 Rb6 36. Ba3 g5 37. Kg3 Kf7 38. Rc1 Rc6 39. Ra1 Rb6 40. Re1 Re6 41.
Rd1 Rb6 42. Rd3 h6 43. Rc3 Rc6 44. Rb3 b6 45. Rb5 Be6 46. Rb4 f5 47. gxf5 Bxf5
48. Ra4 Bd7 49. Ra8 Rc8 50. Ra7 Ke8 51. f4 g4 52. f5 Bxf5 53. Re7+ Kd8 54. Rf7
Be6 55. Rh7 Rc1 56. Rxh6 Kd7 57. Rf6 Rh1 58. h6 Rh5 59. Bf8 Rh3+ 60. Kg2 b5 61.
b4 Rh5 62. Bg7 Ke7 63. Rf2 Rh3 64. Bf6+ Kd7 65. Bg5 Rh5 66. Rf8 Rh3 67. Bf4 Ke7
68. Rb8 Bf5 69. Rb7+ Ke6 70. Bg3 Be4+ 71. Kf2 Kf5 72. h7 Ke6 73. Rb6+ Ke7 74.
Rxb5 Rxh7 75. Rb7+ Kd8 76. Rxh7 1/2-1/2

[Event "51st World Juniors"]
[Site "Athens GRE"]
[Date "2012.08.07"]
[Round "6.26"]
[White "Dounis, Alexandros"]
[Black "Gao, Rui"]
[Result "0-1"]
[BlackTitle "IM"]
[WhiteElo "2298"]
[BlackElo "2442"]
[WhiteFideId "4213238"]
[BlackFideId "8602387"]
[EventDate "2012.08.02"]

1. e4 c5 2. Nf3 d6 3. d4 cxd4 4. Nxd4 Nf6 5. Nc3 Nc6 6. Bg5 Bd7 7. Qd2 Rc8 8.
O-O-O Nxd4 9. Qxd4 Qa5 10. f4 Rxc3 11. Bxf6 Rc7 12. Bh4 Qxa2 13. e5 Qa1+ 14. Kd2
Qa5+ 15. b4 dxe5 16. fxe5 Qa4 17. Bd3 e6 18. c3 Qc6 19. Bf2 b6 20. Ra1 Qb7 21.
Qg4 g6 22. Bd4 Bg7 23. h4 h5 24. Qe2 Bc6 25. Rhf1 Rd7 26. Kc2 Qc7 27. Qe3 Bf8
28. Kb2 Qd8 29. Qg3 Rxd4 30. cxd4 Qxd4+ 31. Kc2 Bxb4 32. Bxg6 Qc4+ 33. Kb1 a5
34. Bc2 Be4 35. Ra2 Bd5 36. Rb2 Bc3 37. Rb3 Bd4 38. Rd1 a4 39. Ra3 Qb4+ 40. Kc1
Bb2+ 0-1

[Event "51st World Juniors"]
[Site "Athens GRE"]
[Date "2012.08.07"]
[Round "6.27"]
[White "Kilpatrick, Callum"]
[Black "Barbosa, Evandro Amorim"]
[Result "1-0"]
[WhiteTitle "FM"]
[BlackTitle "IM"]
[WhiteElo "2326"]
[BlackElo "2436"]
[WhiteFideId "414425"]
[BlackFideId "2115824"]
[EventDate "2012.08.02"]

1. e4 c5 2. Nf3 e6 3. d4 cxd4 4. Nxd4 Nc6 5. Nc3 Qc7 6. f4 a6 7. Nxc6 Qxc6 8.
Bd3 b5 9. Qe2 Bb7 10. Bd2 Bc5 11. a3 Ne7 12. O-O-O O-O-O 13. Rhe1 Kb8 14. Kb1
Nc8 15. Qg4 g6 16. Na2 f5 17. Qh3 Nd6 18. Bc3 Rhg8 19. Be5 Ka8 20. exf5 gxf5 21.
Qxh7 Rxg2 22. Bf1 Rf2 23. Qh4 Nf7 24. Nc3 Rc8 25. Bd4 Bxd4 26. Rxd4 Qf3 27. Be2
Qg2 28. Rxd7 Nh8 29. Rd8 Ng6 30. Rxc8+ Bxc8 31. Qd8 Kb7 32. Bd3 Rxf4 33. a4 Qf2
34. Rd1 Qb6 35. Qe8 b4 36. Ne2 Rg4 37. h3 Rg2 38. Nd4 Ne5 39. Bf1 Rf2 40. a5 Qd6
41. Qg8 Rxf1 42. Qg2+ Rf3 43. Kc1 Qd5 44. Nxf3 Qxf3 45. Qg7+ Nd7 46. Rxd7+ Bxd7
47. Qxd7+ Kb8 48. Qd8+ Kb7 49. Qb6+ Kc8 50. Qxa6+ Kd7 51. Qd3+ 1-0

[Event "51st World Juniors"]
[Site "Athens GRE"]
[Date "2012.08.07"]
[Round "6.28"]
[White "Rombaldoni, Axel"]
[Black "Codenotti, Marco"]
[Result "1/2-1/2"]
[WhiteTitle "IM"]
[BlackTitle "FM"]
[WhiteElo "2494"]
[BlackElo "2314"]
[WhiteFideId "815837"]
[BlackFideId "800015"]
[EventDate "2012.08.02"]

1. e4 c5 2. Nf3 d6 3. d4 cxd4 4. Nxd4 Nf6 5. f3 Nc6 6. c4 Qb6 7. Nc2 g6 8. Nc3
Bg7 9. Qd3 Ne5 10. Qe3 Qc7 11. b3 a6 12. Bb2 Bd7 13. Be2 b5 14. cxb5 axb5 15.
O-O O-O 16. Nb4 Qc5 17. Qxc5 dxc5 18. Nc2 b4 19. Nd1 Nh5 20. f4 Bg4 21. Bxg4
Nxg4 22. e5 Nh6 23. Nde3 f5 24. g3 Rfd8 25. Nc4 e6 26. Bc1 Bf8 27. Ne1 Ng7 28.
h3 Ne8 29. Be3 Nc7 30. Nf3 Nd5 31. Rfc1 Nf7 32. Bd2 h6 33. Kf2 Be7 34. h4 Kf8
35. Nb2 Rdc8 36. Rc2 Nd8 37. Nd3 Rc6 38. Rac1 Rca6 39. Nxc5 Rxa2 40. Na4 Rxc2
41. Rxc2 Ke8 42. Nd4 Kd7 43. Ke2 Rc8 44. Rxc8 Kxc8 45. Kd3 Kd7 46. Kc4 Nc6 47.
Nc5+ Bxc5 48. Kxc5 Nxd4 49. Kxd4 Kc6 50. Kc4 h5 51. Bxb4 Nb6+ 52. Kd4 Kb5 1/2-1/2

[Event "51st World Juniors"]
[Site "Athens GRE"]
[Date "2012.08.07"]
[Round "6.29"]
[White "Sreeves, Clement"]
[Black "Shyam, Nikil P."]
[Result "0-1"]
[BlackTitle "IM"]
[WhiteElo "2191"]
[BlackElo "2484"]
[WhiteFideId "2402564"]
[BlackFideId "5024218"]
[EventDate "2012.08.02"]

1. e4 c5 2. Nf3 d6 3. d4 cxd4 4. Nxd4 Nf6 5. Nc3 a6 6. Be3 e5 7. Nb3 Be6 8. f3
Nbd7 9. g4 Be7 10. Qd2 h6 11. O-O-O b5 12. h4 Nb6 13. Qf2 Nfd7 14. Kb1 Nc4 15.
Bc1 Qb6 16. Qe1 Qb7 17. Nd5 Bd8 18. Ne3 Nxe3 19. Bxe3 Qc6 20. Qd2 Be7 21. Na5
Qc7 22. Be2 O-O 23. g5 h5 24. f4 exf4 25. Bxf4 g6 26. Nb3 Ne5 27. Nd4 Bc8 28.
Bd3 Re8 29. Bxe5 dxe5 30. Ne2 b4 31. Ng3 Rd8 32. Rdf1 Be6 33. Qe2 a5 34. Nf5 Bf8
35. Ne3 Rd4 36. Nd5 Bxd5 37. exd5 e4 38. Bb5 Bg7 39. Bc6 Qe5 40. c3 bxc3 41.
Bxa8 Rd2 42. Qb5 e3 43. bxc3 Qe4+ 0-1

[Event "51st World Juniors"]
[Site "Athens GRE"]
[Date "2012.08.07"]
[Round "6.30"]
[White "Krysa, Leandro"]
[Black "Thavandiran, Shiyam"]
[Result "0-1"]
[WhiteTitle "IM"]
[BlackTitle "FM"]
[WhiteElo "2438"]
[BlackElo "2301"]
[WhiteFideId "116807"]
[BlackFideId "2605058"]
[EventDate "2012.08.02"]

1. d4 e6 2. c4 Bb4+ 3. Nc3 c5 4. dxc5 Bxc3+ 5. bxc3 Qa5 6. Rb1 Qxa2 7. Rb3 Na6
8. Ba3 Nf6 9. f3 b6 10. cxb6 axb6 11. e4 Nc5 12. Bxc5 bxc5 13. e5 Ng8 14. Ne2 f6
15. Nc1 Qa1 16. f4 fxe5 17. fxe5 Ra3 18. Rxa3 Qxa3 19. Qc2 Ne7 20. Bd3 Rf8 21.
Bxh7 Ba6 22. Bd3 Nc6 23. Rf1 Nxe5 24. Rxf8+ Kxf8 25. Kf1 Qa1 26. Be2 Nxc4 27.
Kf2 Nd6 28. Bf3 Ke7 29. Qd2 Nf7 30. Bh5 Qb1 31. Bf3 Bc4 32. Ne2 Qd3 33. Qf4 g5
34. Qc7 Qd6 35. Qxd6+ Nxd6 36. Ng3 Bd3 37. Ke3 Bb1 38. Ne2 Nc4+ 39. Kf2 Ne5 40.
Bb7 d5 41. Bc8 Bd3 42. Ng1 Nf7 43. Bb7 Nd6 44. Bc6 Ne4+ 45. Ke3 Bf1 46. g3 Nxc3
47. h4 gxh4 48. gxh4 Kf6 49. Nf3 Bg2 50. h5 Bxf3 51. Kxf3 Kg5 52. Be8 e5 0-1

[Event "51st World Juniors"]
[Site "Athens GRE"]
[Date "2012.08.07"]
[Round "6.31"]
[White "Rios, Cristhian Camilo"]
[Black "Hernandez Sanchez, Jairo Andres"]
[Result "1/2-1/2"]
[WhiteTitle "FM"]
[BlackTitle "FM"]
[WhiteElo "2398"]
[BlackElo "2288"]
[WhiteFideId "4403940"]
[BlackFideId "4404017"]
[EventDate "2012.08.02"]

1. d4 Nf6 2. c4 e6 3. Nc3 Bb4 4. Nf3 c5 5. e3 O-O 6. Bd3 d5 7. O-O Nc6 8. a3
Bxc3 9. bxc3 dxc4 10. Bxc4 Qc7 11. a4 Rd8 12. Qc2 b6 13. Bb2 Bb7 14. Bd3 Rac8
15. Rac1 h6 16. e4 cxd4 17. Qe2 Qf4 18. e5 Nd5 19. cxd4 Ncb4 20. Bb5 Qg4 21. h3
Qg6 22. Nh4 Qg5 23. Nf3 Qg6 24. Nh4 Qg5 25. Nf3 Qg6 26. Nh4 1/2-1/2

[Event "51st World Juniors"]
[Site "Athens GRE"]
[Date "2012.08.07"]
[Round "6.32"]
[White "Michelakos, Panagiotis"]
[Black "Mazur, Stefan"]
[Result "0-1"]
[BlackTitle "IM"]
[WhiteElo "2185"]
[BlackElo "2394"]
[WhiteFideId "4216067"]
[BlackFideId "14909332"]
[EventDate "2012.08.02"]

1. c4 e5 2. Nc3 Nf6 3. g3 Bb4 4. Bg2 O-O 5. Qb3 Na6 6. d3 Re8 7. Nf3 e4 8. dxe4
Nxe4 9. O-O Bxc3 10. bxc3 Nac5 11. Qc2 b6 12. Bf4 Ba6 13. Rad1 d6 14. Rd4 Qf6
15. Nd2 Nxd2 16. Qxd2 Bb7 17. Bd5 h6 18. Be3 Qg6 19. h3 Bxd5 20. Rg4 Qh5 21.
cxd5 Ne4 22. Qd4 Nf6 23. Rh4 Qxd5 24. Qf4 Re4 25. Qf3 Rxh4 26. gxh4 Qxf3 27.
exf3 Re8 28. Rd1 Re5 29. Bd4 Re2 30. a4 Ra2 31. Bxf6 gxf6 32. Rd4 Ra3 33. Rc4 c5
34. Rf4 Rxc3 35. Rxf6 Kg7 36. Rxd6 Ra3 37. Kg2 Rxa4 38. h5 Rb4 39. Kg3 a5 40. f4
a4 41. f5 a3 42. f6+ Kh7 43. Rd7 Ra4 44. Rxf7+ Kg8 45. Rg7+ Kf8 0-1

[Event "51st World Juniors"]
[Site "Athens GRE"]
[Date "2012.08.07"]
[Round "6.33"]
[White "Anwesh, Upadhyaya"]
[Black "Kigel, Dmytro"]
[Result "1/2-1/2"]
[WhiteTitle "IM"]
[BlackTitle "FM"]
[WhiteElo "2374"]
[BlackElo "2276"]
[WhiteFideId "5028949"]
[BlackFideId "14117932"]
[EventDate "2012.08.02"]

1. d4 Nf6 2. c4 e6 3. g3 d5 4. Nf3 dxc4 5. Bg2 Bd7 6. Ne5 Bc6 7. Nxc6 Nxc6 8.
O-O Qd7 9. e3 O-O-O 10. Qa4 h5 11. Nd2 Nd5 12. Nxc4 h4 13. Bd2 Kb8 14. Rfd1 f5
15. a3 Bd6 16. b4 hxg3 17. hxg3 g5 18. b5 Nce7 19. Qb3 Rh6 20. e4 fxe4 21. Bxg5
Rh5 22. Nxd6 cxd6 23. Bxe7 Qxe7 24. Bxe4 Rdh8 25. Rac1 Qg7 26. Kf1 Rh2 27. Rc2
Rh1+ 28. Ke2 Rxd1 29. Kxd1 Qxd4+ 30. Qd3 Qe5 31. Bxd5 exd5 32. Qe3 Qf5 33. Kc1
Qd7 34. Qd3 Qf7 35. Qc3 Re8 36. Kb2 Qe7 37. Qd4 Qe5 38. Qc3 Rf8 39. f4 Qe7 40.
Qd4 Qf7 41. Rd2 Rc8 42. Rc2 Rxc2+ 43. Kxc2 Qh7+ 44. Kc3 Qh1 45. Qd3 Kc7 46. Kd4
Kd8 47. f5 Kd7 48. Qe2 1/2-1/2

[Event "51st World Juniors"]
[Site "Athens GRE"]
[Date "2012.08.07"]
[Round "6.34"]
[White "Kvaratskhelia, Dimitri"]
[Black "Jacko, Vladimir2"]
[Result "0-1"]
[BlackTitle "FM"]
[WhiteElo "2093"]
[BlackElo "2349"]
[WhiteFideId "13604295"]
[BlackFideId "14915928"]
[EventDate "2012.08.02"]

1. d4 Nf6 2. c4 g6 3. Nf3 Bg7 4. g3 O-O 5. Bg2 d6 6. Nc3 Nc6 7. O-O a6 8. h3 Bd7
9. e4 e5 10. dxe5 dxe5 11. Be3 Be6 12. b3 Nd7 13. Qd2 Qc8 14. Kh2 Rd8 15. Nd5 f6
16. b4 Re8 17. a4 Nd8 18. Rfc1 a5 19. b5 c5 20. b6 Nc6 21. Nc7 Bf8 22. Nxa8 Qxa8
23. Rab1 Nb4 24. Bf1 Nxb6 25. Qd1 Qc8 26. Nd2 Qc6 27. Ra1 Be7 28. Nb1 Rd8 29.
Qb3 Qxe4 30. Nc3 Qc6 31. Rd1 Rxd1 32. Rxd1 f5 33. Bg2 e4 34. Bf1 h5 35. Nd5 Bf8
36. Bc1 Qxa4 37. Qxa4 Nxa4 38. Nc7 Bf7 39. Rd8 Nc6 40. Rd2 Nb6 41. Nd5 Nxd5 42.
cxd5 Nd4 43. Ra2 Bxd5 0-1

[Event "51st World Juniors"]
[Site "Athens GRE"]
[Date "2012.08.07"]
[Round "6.35"]
[White "Gemy, Jose Daniel"]
[Black "Hambleton, Aman"]
[Result "0-1"]
[WhiteTitle "FM"]
[BlackTitle "FM"]
[WhiteElo "2345"]
[BlackElo "2244"]
[WhiteFideId "3301478"]
[BlackFideId "2606577"]
[EventDate "2012.08.02"]

1. Nf3 Nf6 2. g3 c5 3. Bg2 e6 4. O-O Be7 5. d3 Nc6 6. e4 d6 7. Re1 O-O 8. Nbd2
e5 9. h3 Re8 10. Nf1 h6 11. c3 Bf8 12. g4 d5 13. Ng3 g6 14. g5 hxg5 15. Bxg5 d4
16. c4 Qd6 17. Qd2 Nh7 18. Bh6 Qf6 19. Kh2 Nd8 20. Rg1 Ne6 21. Ne2 Bd7 22. Raf1
b5 23. b3 bxc4 24. bxc4 Bxh6 25. Qxh6 Rab8 26. Qd2 Kg7 27. Ne1 Rh8 28. f4 exf4
29. Nxf4 Qe5 30. Kh1 Nhg5 31. Nxe6+ Qxe6 32. Rf2 Nxh3 33. Bxh3 Rxh3+ 34. Kg2
Rh2+ 35. Kf1 Qh3+ 36. Rfg2 Rb1 37. Kf2 Qh4+ 38. Kf3 Bg4+ 39. Rxg4 Qh3+ 0-1